00518nam a22001937a 450000500170000001000130001702000230003003500130005303700160006604000120008208200150009410000220010924500460013126000430017727000410022030000310026165000140029265000180030620170124110017.0 aA-952475 c135.00a8170145163 aA-952475 bCen Lib/Ret aDPLbEN a336.2bBAL aBalachandaran, V. aIndirect taxation /cby V. Balachandaran  aNew Delhi bSultan Chand & Sons c1996 a23, dariya ganj bNew Delhi e110002 avarious pagings c21cm(Hb) aTaxation  aIndirect tax